| 000 | 00877cam a22002415a 4500 | ||
|---|---|---|---|
| 005 | 20180124103650.0 | ||
| 008 | 090226s2006 nyua frb 001 0 eng d | ||
| 020 | _a0071249990 | ||
| 020 | _a9780071249997 | ||
| 040 |
_aEG-ScBUE _beng _cEG-ScBUE _dEG-ScBUE |
||
| 082 | 0 | 4 |
_a620.112 _bBEE _222 |
| 100 | 1 | _aBeer, Ferdinand Pierre. | |
| 245 | 1 | 0 |
_aMechanics of materials / _cFerdinand P. Beer, E. Russell Johnston, Jr., John T. DeWolf. |
| 250 | _a4th ed. | ||
| 260 |
_aNew York : _bMcGraw-Hill Higher Education, _c2006. |
||
| 300 |
_axix, 779 p. : _bill. (some col.) ; _c26 cm. |
||
| 504 | _aIncludes bibliographical references and index. | ||
| 650 | 7 |
_aStrength of materials. _2BUEsh _910669 |
|
| 653 |
_bENGGEN _bGGEN _cAugust2015 _cJanuary2018 |
||
| 700 | 1 |
_aJohnston, E. Russell _q(Elwood Russell), _d1925- |
|
| 700 | 1 | _aDeWolf, John T. | |
| 942 |
_cBB _k620.112 BEE _2ddc |
||
| 999 |
_c7921 _d7921 |
||